Historia por Letra - T - Estadísticas

Estadísticas generales
  • Esta prueba ha sido intentada 3.792 veces
  • La puntuación promedio es 10 de 20
Estadísticas de respuestas
Pista Respuesta % Correcto
El barco que chocó contra un iceberg en 1912 Titanic
96%
Joven faraón cuya tumba fue descubierta en 1922 Tutankamón
86%
La primera Primera Ministra femenina del Reino Unido Margaret Thatcher
74%
Grupo que se hizo con el poder en el Afganistán en 1996 Talibán
73%
Esculturas enterradas con el primer emperador de China Guerreros de {Terracota}
61%
Bata formal de la antigua Roma Toga
59%
La dinastía de Enrique VIII de Inglaterra Tudor
54%
Anteriormente conocido como "Siam" Tailandia
53%
Región que fue anexionada por China en 1951 Tíbet
52%
El líder soviético exiliado que fue asesinado en México León Trotski
46%
Sitio de una masacre de China de 1989 Plaza de {Tiananmén}
46%
El presidente después de Franklin D Roosevelt Harry S Truman
42%
Segundo emperador de Roma Tiberio
42%
Ciudad estado de la antigua Grecia o capital del antiguo Egipto Tebas
40%
Mausoleo de mármol que es llamado el mejor ejemplo de la arquitectura Mogol Taj Mahal
38%
Provincia que se unió a Canadá en 1949 Terranova
32%
El paraíso tropical visitado por el HMS Bounty Tahití
30%
El conquistador del siglo XIV que mató al 5% de la población mundial Tamerlán
10%
Esclava estadounidense que escapó y rescató a otros 70 esclavos Harriet Tubman
8%
Tipo de catapulta medieval Trabuquete
8%
No se encontraron pruebas coincidentes
Distribución de puntuación
Porcentaje de gente con cada puntuación
Porcentaje por número respondido
Historial de tus puntuaciones
No has intentado esta prueba.